000
00314nam a2200133 a 4500
001
5110
003
CDMR
005
20130116135305.0
008
130130s1973||||||||||||||||||||||||||||d
040
_a
CDMR
_b
cat
_c
CPC GIRONA
245
4
_a
Las noticias y la información
260
_c
1973
_b
Biblioteca Salvat
942
_c
MON
999
_c
5110
_d
5110